People, Policy, and the Enviroment (Record no. 55097)
[ view plain ]
| 000 -LEADER | |
|---|---|
| fixed length control field | 00321nam a22001457a 4500 |
| 008 - FIXED-LENGTH DATA ELEMENTS--GENERAL INFORMATION | |
| fixed length control field | 210222b ||||| |||| 00| 0 eng d |
| 020 ## - INTERNATIONAL STANDARD BOOK NUMBER | |
| International Standard Book Number | 9781284007701 |
| 041 ## - LANGUAGE CODE | |
| Language code of text/sound track or separate title | eng |
| 080 ## - UNIVERSAL DECIMAL CLASSIFICATION NUMBER | |
| Universal Decimal Classification number | 32 |
| 082 ## - DEWEY DECIMAL CLASSIFICATION NUMBER | |
| Classification number | 32 |
| 100 ## - Rafti | |
| Rafti | 19 |
| 101 ## - Shkurtesa | |
| Shkurtesa | SHP |
| 245 ## - TITLE STATEMENT | |
| Title | People, Policy, and the Enviroment |
| Statement of responsibility, etc | LaJoie, S |
| 942 ## - ADDED ENTRY ELEMENTS (KOHA) | |
| Source of classification or shelving scheme | |
| Item type | Books |
| Withdrawn status | Lost status | Source of classification or shelving scheme | Damaged status | Not for loan | Collection code | Permanent location | Current location | Shelving location | Date acquired | Total Checkouts | Full call number | Barcode | Date last seen | Price effective from | Koha item type |
|---|---|---|---|---|---|---|---|---|---|---|---|---|---|---|---|
| Koleksioni i përgjithshem | UBT - Lipjan | UBT - Lipjan | Koleksioni i përgjithshem | 02/22/2021 | 32 LAJ | 002-6000901 | 02/22/2021 | 02/22/2021 | Books | ||||||
| Koleksioni i përgjithshem | UBT - Lipjan | UBT - Lipjan | Koleksioni i përgjithshem | 03/05/2021 | 32 LAJ | 002-7000884 | 03/05/2021 | 03/05/2021 | Books | ||||||
| Koleksioni i përgjithshem | UBT - Lipjan | UBT - Lipjan | Koleksioni i përgjithshem | 03/11/2021 | 32 LAJ | 002-7002256 | 03/11/2021 | 03/11/2021 | Books | ||||||
| Koleksioni i përgjithshem | UBT - Lipjan | UBT - Lipjan | Koleksioni i përgjithshem | 03/22/2021 | 32 LAJ | 002-7001470 | 03/22/2021 | 03/22/2021 | Books | ||||||
| Koleksioni i përgjithshem | UBT - Lipjan | UBT - Lipjan | Koleksioni i përgjithshem | 03/22/2021 | 32 LAJ | 002-7001471 | 03/22/2021 | 03/22/2021 | Books | ||||||
| Koleksioni i përgjithshem | UBT - Lipjan | UBT - Lipjan | Koleksioni i përgjithshem | 03/22/2021 | 32 LAJ | 002-7001483 | 03/22/2021 | 03/22/2021 | Books |